| 000 | 00566nam a2200217 a 4500 | ||
|---|---|---|---|
| 005 | 20210219153028.0 | ||
| 008 | 991125n 000 0 spa u | ||
| 035 | _aUPN01000073511 | ||
| 100 | 1 | _aFarfán Mejía, Enrique | |
| 222 | _aEDUCACION 2001 | ||
| 245 | _aEducación básica : actividades del lenguaje para el salón de clases | ||
| 260 | _aMéxico | ||
| 300 | _a22-24 | ||
| 362 | 0 | _a2000 No. 66 | |
| 653 | 0 | _aAULA | |
| 653 | 0 | _aESCRITURA | |
| 653 | 0 | _aINTERACCION PADRES-MAESTRO | |
| 653 | 0 | _aLECTURA | |
| 904 |
_aAC _b011322 |
||
| 905 | _aArticulo | ||
| 999 |
_c66443 _d66443 |
||